000 02396nam a2200373 4500
001 65
003 OSt
005 20250528074010.0
008 250123b |||||||j |||| 00| 1 eng d
040 _bpor
041 _heng
_apor
082 _a813
_bB811b
100 1 _aBradley, Marion Zimmer,
_d1930-1999
_9169
240 _aThe Mists of Avalon
245 _aAs brumas de Avalon:
_bA grande Rainha /
_cBradley, Marion Zimmer ; Tradução de Waltensir Dutra
250 _a9° edição
260 _aRio de Janeiro
_bImago
_c1985
300 _a267 p.
490 1 _aAs Brumas de Avalon
_vlivro 02
500 _aA grande rainha Sequência de: A senhora da magia
520 _aEste retorno imaginativo à lenda arturiana contada por suas sacerdotisas pagãs continua com o Livro Dois: A Alta Rainha. Morgana, finalmente reconciliada com o nascimento de seu filho, deve entregá-lo à sua tia Morgause em troca do segredo guardado sobre sua ascendência. Arthur se casa com a tímida, mas obediente Gwenhwyfar, enquanto guerras em andamento com os invasores saxões continuam a assolar a terra. Morgana, cansada das preocupações mundanas, tenta retornar a Avalon, mas desaparece sem deixar vestígios em algum lugar perto do fim de sua jornada. Em uma última tentativa de paz, Arthur compromete sua lealdade a Avalon ao carregar a bandeira cristã para a batalha. A incapacidade de Gwenhwyfar de conceber faz com que o reino desespere por um herdeiro ao trono, enquanto nos bastidores, seu amor por Lancelote se torna mais apaixonado e desesperado. Ler As Brumas de Avalon é uma experiência profundamente tocante, e muitas vezes fantástica. Um resultado impressionante. - THE NEW YORK TIMES BOOK REVIEW O enredo elaborado com maestria e a escrita maravilhosa de As Brumas de Avalon jogam nova luz a antigos personagens, em especial Morgana das Fadas, Merlim, Lancelote e Gwenhwyfar. Um romance épico, com violência, ambição, lealdades dolorosas e feitiços assombrosos. - PUBLISHERS WEEKLY
650 0 _aLiteratura Americana
_984
650 0 _aMedieval
_9170
650 0 _aFantasia
_945
650 0 _aAventura
_947
650 0 _aSeres mágicos
_946
650 0 _aMitologia
_9128
650 0 _aFilme
_926
655 0 _aRomance
_923
655 0 _aFicção
_922
700 _aWaltensir Dutra
_eTradutor
_9171
830 _aAs Brumas de Avalon
_vLivro 02
_9172
942 _2ddc
_n0
_cBK
999 _c65
_d65